01067nam a2200265 i 4500001000700000003000900007005001700016007000300033008004100036080002000077080002300097245021300120250005800333260004900391300005400440490003500494630003100529630003400560650003100594655002500625700003400650710004600684830003500730852003600765175667ES-MaACL20250825134558.0t|101116s1971 sp ||||1| spa d a050 Nalón, El a050 Sin nombre, El00aPeriódicos románticos asturianos b: El Nalón, periódico de literatura, ciencias y artes (1842) y El sin nombre, periódico literario, bastardo, satírico, semi-serio, burlesco y sentimental (1845). aEd. facs. bdirigida y prologada por J. E. Casariego. aLuarca : bBibliófilos Asturianos, c1971. aXXVIII, 335, [2] p. de lám. bl. y n. ; c26 cm.1 aBibliófilos asturianos ; v104aEl Nalón-vFacsímiles.04aEl sin nombre-vFacsímiles.04aPrensa-zEspaña-yS.XIX. 72tgfbneaFacsímiles1 aCasariego, J. E., d1913-19902 aAsociación de Bibliófilos Asturianos.0 aBibliófilos asturianos ; v1 aES-MaACLjE-13538 xOlim P-1508